La sagrada escritura

I tiakina i:
Ngā taipitopito rārangi puna kōrero
Hōputu: Pukapuka
Reo:Greek, Ancient (to 1453)
I whakaputaina: Londres British and Foreign Biblical Society 1931
Putanga:1a. ed
Ngā marau:
Ngā Tūtohu: Tāpirihia he Tūtohu
Kāore He Tūtohu, Me noho koe te mea tuatahi ki te tūtohu i tēnei pūkete!

MARC

LEADER 00000cam a2200000 a 4500
001 UCD3142
003 CL-VaPUC
008 160526e19310000uk |||||||||||||||||grc|d
082 0 4 |a 220  |b SAG  |2 21 
245 1 3 |a La sagrada escritura 
250 |a 1a. ed 
300 |a 1280 p 
942 |c BK 
945 |d 20160526 21:26:00  |a dcastane 
260 |a Londres  |b British and Foreign Biblical Society  |c 1931 
500 |a Texto integro en griego 
650 0 |a Biblia  |9 257603 
650 0 |a Textos sagrados   |9 257605 
583 |a last modification  |c 20160526 21:26:00  |k Rodrigo Vera 
999 |c 364199  |d 364197 
952 |0 0  |1 0  |3 erd  |4 0  |6 220_000000000000000_SAG_1931  |7 0  |8 X  |9 477148  |a BIBTEO  |b BIBTEO  |c TEO_FFR  |i 5232139  |o 220 SAG 1931  |p 5232139  |r 2024-01-18  |w 2019-11-24  |y BK_X  |z Catalogado en:20160526  |k OFM